Escritos filosóficos y teológicos
Uloženo v:
| Hlavní autor: | |
|---|---|
| Médium: | Kniha |
| Jazyk: | španělština |
| Vydáno: |
Madrid
Editora Nacional
1982
|
| Edice: | Clásicos para una Biblioteca Contemporánea, 10
|
| Témata: | |
| Tagy: |
Přidat tag
Žádné tagy, Buďte první, kdo vytvoří štítek k tomuto záznamu!
|
MARC
| LEADER | 00000nam a2200000 a 4500 | ||
|---|---|---|---|
| 001 | UCX0565 | ||
| 003 | CL-VaPUC | ||
| 008 | 891113e19820000SP |||||||||||||||||spa|d | ||
| 082 | 0 | 4 | |a 193 |b LES |2 21 |
| 100 | |a Lessing, Gotthold Ephraim |e autor |9 327797 | ||
| 245 | 1 | 0 | |a Escritos filosóficos y teológicos |
| 300 | |a 656 p | ||
| 942 | |c BK | ||
| 945 | |d 19891113 00:00:00 | ||
| 260 | |a Madrid |b Editora Nacional |c 1982 | ||
| 650 | 0 | |a Filosofía alemana |9 265002 | |
| 650 | 7 | |a COLECCION DE ESCRITOS SIGLO 18 |2 CL-VaPUC |9 315973 | |
| 650 | 0 | |a Teología |9 258766 | |
| 650 | 0 | |a Crítica e interpretación |9 255042 | |
| 583 | |a last modification |c 19891113 00:00:00 |k Rodrigo Vera | ||
| 490 | 0 | |a Clásicos para una Biblioteca Contemporánea, 10 | |
| 999 | |c 222122 |d 222120 | ||
| 952 | |0 0 |1 0 |4 0 |6 193_000000000000000_LES_1982 |7 0 |8 A |9 216399 |a BIBEDU |b BIBEDU |d 2019-11-15 |i 2850400 |o 193 LES 1982 |p 2850400 |r 2019-11-15 |w 2019-11-15 |y BK |k FIL | ||